000 00985cam a2200313Ia 4500
999 _c630
_d630
001 .b13378946
003 OCoLC
005 20190904150626.0
008 100507r20012000nyu b 001 0 eng d
020 _a0316679070
020 _a9780316679077
035 _a(OCoLC)612145178
040 _aCVU
_cCVU
042 _anbic
082 _a302 GLA
090 _aHM1033
_b.G53 2001
100 1 _aGladwell, Malcolm,
_d1963-
_eauthor
245 0 4 _aThe tipping point :
_bhow little things can make a big difference /
_cMalcolm Gladwell.
250 _a1st Back Bay international pbk. ed.
260 _aNew York, NY :
_bBack Bay Books,
_c2001.
300 _aviii, 280 p. :
_bill. ;
_c17 cm.
500 _aOriginally published: Boston : Little, Brown, c2000.
504 _aIncludes bibliographical references and index.
650 0 _aSocial psychology.
650 0 _aContagion (Social psychology)
650 0 _aCausation.
650 0 _aContext effects (Psychology)
942 _2ddc
_cNFIC